00580nam a2200193Ii 450000100060000000300090000600800410001502000150005604000330007104100080010408200180011210000180013024500870014826400580023530000120029333600260030533700280033133800270035912083CO-ViMGA241108s9999||||xx |||||||||||||| ||und|| a9589682952 aCO-ViMGAbspaerdacCO-ViMGA0 aunk04a986.00498-S611 aBraida Enciso10aSociedades complejas en la Sabana de Bogotá, siglos VIII al XVI d.c. volumen III 1a[Lugar de publicación no identificado] : S.E., 2000 avolumen atextbtxt2rdacontent aunmediatedbn2rdamedia avolumebnc2rdacarrier